| Tag |
First Indicator |
Second Indicator |
Subfields |
| LEADER |
00000cam a2200000 a 4500 |
| 001 |
in00000031193 |
| 005 |
20151007060327.0 |
| 008 |
870608s1987 ne a b 00110 eng |
| 010 |
|
|
|a 87016389
|
| 020 |
|
|
|a 155608014X :
|c $94.00
|
| 020 |
|
|
|a 1556080158 (pbk.) :
|c $34.50
|
| 035 |
|
|
|a (OCoLC)16080607
|
| 035 |
|
|
|9 AAC0582AM
|
| 040 |
|
|
|a DLC
|c DLC
|d OCL
|d TXA
|d UtOrBLW
|
| 049 |
|
|
|a TXAM
|c [A11682553]
|
| 050 |
0 |
0 |
|a TC176
|b .B38 1987
|
| 070 |
0 |
|
|a TC176.B4
|
| 072 |
|
0 |
|a W000
|a J200
|
| 082 |
0 |
|
|a 551.49
|2 19
|
| 100 |
1 |
|
|a Bear, Jacob.
|
| 245 |
1 |
0 |
|a Modeling groundwater flow and pollution :
|b with computer programs for sample cases /
|c Jacob Bear and Arnold Verruijt.
|
| 264 |
|
1 |
|a Dordrecht ;
|a Boston :
|b D. Reidel Pub. Co. ;
|c [1987]
|
| 264 |
|
2 |
|a Norwell, MA, U.S.A. :
|b Sold and distributed in the U.S.A. and Canada by Kluwer Academic Publishers,
|
| 264 |
|
4 |
|c ©1987
|
| 300 |
|
|
|a xiv, 414 pages :
|b illustrations ;
|c 25 cm.
|
| 336 |
|
|
|a text
|b txt
|2 rdacontent
|
| 337 |
|
|
|a unmediated
|b n
|2 rdamedia
|
| 338 |
|
|
|a volume
|b nc
|2 rdacarrier
|
| 490 |
1 |
|
|a Theory and applications of transport in porous media ;
|v 2
|
| 504 |
|
|
|a Bibliography: pages 381-385.
|
| 500 |
|
|
|a Includes index.
|
| 650 |
|
0 |
|a Groundwater flow
|x Mathematical models.
|
| 650 |
|
0 |
|a Groundwater
|x Pollution
|x Mathematical models.
|
| 650 |
|
0 |
|a Groundwater flow
|x Data processing.
|
| 650 |
|
0 |
|a Groundwater
|x Pollution
|x Data processing.
|
| 700 |
1 |
|
|a Verruijt, A.
|
| 830 |
|
0 |
|a Theory and applications of transport in porous media ;
|v 2.
|
| 999 |
|
|
|a MARS
|
| 999 |
f |
f |
|s bcb20076-c30a-3b18-aacc-68181de45fb7
|i b50bf80a-8f9e-3815-bc88-03b33f707f8c
|t 0
|
| 952 |
f |
f |
|p normal
|a Texas A&M University
|b College Station
|c Sterling C. Evans Library
|d Evans: Library Stacks
|t 0
|e TC176 .B38 1987
|h Library of Congress classification
|i unmediated -- volume
|m A14811682553
|
| 998 |
f |
f |
|a TC176 .B38 1987
|t 0
|l Evans: Library Stacks
|